La obra cultural de la revolución (Record no. 42279)

MARC details
000 -CABECERA
campo de control de longitud fija 00844nam a2200229 a 4500
003 - IDENTIFICADOR DEL NÚMERO DE CONTROL
campo de control MX-MxUPN
005 - FECHA Y HORA DE LA ÚLTIMA TRANSACCIÓN
campo de control 20240506163135.0
008 - ELEMENTOS DE LONGITUD FIJA--INFORMACIÓN GENERAL
campo de control de longitud fija 991125s1917 mx r 000 0 spa d
035 ## - NÚMERO DE CONTROL DEL SISTEMA
Número de control de sistema UPN01000042279
040 ## - FUENTE DE LA CATALOGACIÓN
Centro catalogador/agencia de origen MX-MxUPN
Lengua de catalogación spa
Centro/agencia transcriptor MX-MxUPN
041 0# - CÓDIGO DE IDIOMA
Código de lengua del texto/banda sonora o título independiente spa
050 #4 - SIGNATURA TOPOGRÁFICA DE LA BIBLIOTECA DEL CONGRESO
Número de clasificación LA429 M7
Número de documento/Ítem R6.6
100 1# - ASIENTO PRINCIPAL--NOMBRE PERSONAL
Nombre de persona Romero Flores, Jesús,
Fechas asociadas al nombre 1885-1987
9 (RLIN) 29429
245 13 - MENCIÓN DE TÍTULO
Título La obra cultural de la revolución
260 ## - PUBLICACIÓN, DISTRIBUCIÓN, ETC.
Lugar de publicación, distribución, etc. Morelia :
Nombre del editor, distribuidor, etc. Imprenta del Gobierno,
Fecha de publicación, distribución, etc. [1917?].
300 ## - DESCRIPCIÓN FÍSICA
Extensión 158 páginas
500 ## - NOTA GENERAL
Nota general "Memoria de los trabajos realizados en el ramo de Instrucción Pública, durante el período Pre-Constitucional, en el Estado de Michoacán"
500 ## - NOTA GENERAL
Nota general Datos tomados de la cubierta
650 #4 - ASIENTO SECUNDARIO DE MATERIA - TERMINO TEMATICO
Término de materia o nombre geográfico como elemento de entrada Educación
Subdivisión geográfica Michoacán
Subdivisión general Historia
9 (RLIN) 17640
710 2# - ASIENTO SECUNDARIO - NOMBRE CORPORATIVO
Nombre de entidad corporativa o nombre de jurisdicción como elemento de entrada Museo Pedagógico Nacional (México)
9 (RLIN) 51335
Término indicativo de función/relación propietario anterior
942 ## - ELEMENTOS DE PUNTO DE ACCESO ADICIONAL (KOHA)
Fuente del sistema de clasificación o colocación Library of Congress Classification
Tipo de ítem Koha Libro
Holdings
Estado de retiro Estado de pérdida Fuente del sistema de clasificación o colocación Estado dañado No para préstamo Código de colección Localización permanente Ubicación/localización actual Ubicación en estantería Fecha de adquisición Clasificación Código de barras Fecha visto por última vez Tipo de ítem Koha Nota pública
    Library of Congress Classification   Disponible (Previa cita) Fondo Reservado de libros Bib. Gregorio Torres Quintero Bib. Gregorio Torres Quintero Sala de Fondos Reservados Planta alta 18/11/2022 LA429 M7 R6.6 14547 31/12/2020 Libro Ejemplar con sello de la Biblioteca del Museo Pedagógico Nacional